000 00743nam a2200241Ia 4500
003 OSt
005 20221007074819.0
006 a|||||r|||| 00| 0
007 ta
008 221006b |||||||| |||| 00| 0 eng d
020 _a9789332704527
024 _a46,129
037 _cTextual
040 _aFLL
_cFLL
_beng
041 _2eng
_aeng
082 _aX:991.2, Q8
100 _aSUNDER K.R. Shyam Ed.
245 0 _aContemporary reforms of labour market and industrial relations systems in india
_b ease of doing business versus labour rights
260 _aNew Delhi
_bAcademic foundation India
_c2018
300 _a379p.
_ccm.
942 _hX:991.2, Q8
_cTEXL
_2CC
999 _c1153769
_d1153769